The New York times encyclopedia of sports / (Record no. 1873)

MARC details
000 -LEADER
fixed length control field 01224cam a2200373 a 4500
001 - CONTROL NUMBER
control field data
005 - DATE AND TIME OF LATEST TRANSACTION
control field 20260322212122.0
008 - FIXED-LENGTH DATA ELEMENTS--GENERAL INFORMATION
fixed length control field data
035 ## - SYSTEM CONTROL NUMBER
System control number 3699612
010 ## - LIBRARY OF CONGRESS CONTROL NUMBER
LC control number 79019980
020 ## - INTERNATIONAL STANDARD BOOK NUMBER
International Standard Book Number 0405126263
020 ## - INTERNATIONAL STANDARD BOOK NUMBER
International Standard Book Number 9780405126260
035 ## - SYSTEM CONTROL NUMBER
-- (DLC) 79019980
040 ## - CATALOGING SOURCE
Original cataloging agency DLC
Transcribing agency DLC
Modifying agency DLC
042 ## - AUTHENTICATION CODE
Authentication code lcac
050 00 - LIBRARY OF CONGRESS CALL NUMBER
Classification number GV565
Item number .N48
082 00 - DEWEY DECIMAL CLASSIFICATION NUMBER
Classification number 796
Edition information 19
245 04 - TITLE STATEMENT
Title The New York times encyclopedia of sports /
Statement of responsibility, etc. edited by Gene Brown ; introd. by Frank Litsky.
260 ## - PUBLICATION, DISTRIBUTION, ETC.
Place of publication, distribution, etc. New York :
Name of publisher, distributor, etc. Arno Press,
Date of publication, distribution, etc. 1979-1980.
300 ## - PHYSICAL DESCRIPTION
Extent 15 v. ;
Dimensions 29 cm.
336 ## - CONTENT TYPE
Content type term text
Content type code txt
Source rdacontent
337 ## - MEDIA TYPE
Media type term unmediated
Media type code n
Source rdamedia
338 ## - CARRIER TYPE
Carrier type term volume
Carrier type code nc
Source rdacarrier
500 ## - GENERAL NOTE
General note Collection of articles reprinted from the New York times.
504 ## - BIBLIOGRAPHY, ETC. NOTE
Bibliography, etc. note Includes bibliographies and indexes.
520 ## - SUMMARY, ETC.
Summary, etc. Traces the history of various indoor and outdoor sports as presented in articles appearing in the "New York Times."
650 #0 - SUBJECT ADDED ENTRY--TOPICAL TERM
Topical term or geographic name entry element Sports.
650 #1 - SUBJECT ADDED ENTRY--TOPICAL TERM
Topical term or geographic name entry element Sports.
700 1# - ADDED ENTRY--PERSONAL NAME
Personal name Brown, Gene.
730 0# - ADDED ENTRY--UNIFORM TITLE
Uniform title New York times.
906 ## - LOCAL DATA ELEMENT F, LDF (RLIN)
a 7
b cbc
c orignew
d 1
e ocip
f 19
g y-gencatlg
991 ## -
-- c-GenColl
-- GV565
-- .N48
-- Copy 1
-- BOOKS
Holdings
Withdrawn status Lost status Damaged status Not for loan Home library Current library Shelving location Date acquired Total checkouts Full call number Barcode Date last seen Price effective from Koha item type
        Troy Troy General stacks 22/03/2026   796 LOC-TPL-00005 22/03/2026 22/03/2026 Books